000 00408cam a2200181ua 4500
020 _c0.75
041 _amal
_h
082 _a894.812 308
_bBAL/LA
100 _aBalzac, .
245 _aLaghupapam /
_cBalzac.
_hTextual Documents
250 _a1 /
_b.
260 _aQuilon :
_bM S Book Depot ,
_c1961.
300 _a68 ; .
365 _a0.75
504 _a
942 _cBK
999 _c3875
_d3875